Project: (Record no. 166897)

MARC details
000 -LEADER
fixed length control field 00593nam a22001697a 4500
010 ## - LCCN (DPL NO)
LC control number ENG-126171
020 ## - INTERNATIONAL STANDARD BOOK NUMBER
International Standard Book Number 978-93-8015-646-0
Terms of availability 595.00
035 ## - SYSTEM CONTROL NUMBER
System control number EN-109703
037 ## - SOURCE OF ACQUISITION
Source of stock number/acquisition DBAD/PUB
082 ## - DEWEY DECIMAL CLASSIFICATION NUMBER
Classification number 338.954
100 ## - MAIN ENTRY--PERSONAL NAME
Personal name Bagchi,S.K.
245 ## - TITLE STATEMENT
Title Project:
Statement of responsibility, etc by S.K.Bagchi
Remainder of title Infrastructure Finance/
260 ## - PUBLICATION, DISTRIBUTION, ETC. (IMPRINT)
Place of publication, distribution, etc New Delhi
Name of publisher, distributor, etc Ane Books Pvt.Ltd.
Date of publication, distribution, etc 2018
270 ## - ADDRESS
Address 4821,Parwana Bhawan,1st Floor24 Ansari Road, Darya Ganj
City New Delhi
Postal code 110002
Telephone number +91(011)23276843
Fax number +91(011)23276863
Electronic mail address kapoor@anebooks.com
300 ## - PHYSICAL DESCRIPTION
Extent xiv160p.
Dimensions 23cm(hb)
Other physical details ill
942 ## - ADDED ENTRY ELEMENTS (KOHA)
Source of classification or shelving scheme Dewey Decimal Classification
Item type English Books
Classification part 338.954
Call number suffix BAG
Holdings
Withdrawn status Lost status Not for loan Collection code Home library Current library Date acquired Source of acquisition Cost, normal purchase price Full call number Barcode Copy number Cost, replacement price Koha item type
      Non-fiction Andrews Gunj Andrews Gunj 14/08/2019 DBAD/PUB 595.00 338.954 BAG EN-109703 1 595.00 English Books

© Delhi Public Library
Hit Counter
free hit counter